English collocations in use : (Record no. 764)

MARC details
000 -LEADER
fixed length control field 00689nam a22002057a 4500
005 - DATE AND TIME OF LATEST TRANSACTION
control field 20250420134824.0
008 - FIXED-LENGTH DATA ELEMENTS--GENERAL INFORMATION
fixed length control field 211115b ||||| |||| 00| 0 eng d
020 ## - INTERNATIONAL STANDARD BOOK NUMBER
International Standard Book Number 9781316629758
040 ## - CATALOGING SOURCE
Transcribing agency KCST
082 ## - DEWEY DECIMAL CLASSIFICATION NUMBER
Classification number 428.24
Item number Mc En
100 ## - MAIN ENTRY--PERSONAL NAME
Personal name McCarthy, Michael
Dates associated with a name 1947-
9 (RLIN) 5303
245 ## - TITLE STATEMENT
Title English collocations in use :
Remainder of title how words work together for fluent and natural English : self-study and classroom use /
Statement of responsibility, etc. Michael McCarthy; Felicity O'Dell
250 ## - EDITION STATEMENT
Edition statement 2
260 ## - PUBLICATION, DISTRIBUTION, ETC.
Place of publication, distribution, etc. Cambridge :
Name of publisher, distributor, etc. Cambridge University Press,
Date of publication, distribution, etc. 2017.
300 ## - PHYSICAL DESCRIPTION
Extent 190 p.
650 ## - SUBJECT ADDED ENTRY--TOPICAL TERM
Topical term or geographic name entry element English language
Form subdivision Textbooks for foreign speakers.
9 (RLIN) 4734
700 ## - ADDED ENTRY--PERSONAL NAME
Personal name O'Dell, Felicity
9 (RLIN) 4924
942 ## - ADDED ENTRY ELEMENTS (KOHA)
Koha item type Book
942 ## - ADDED ENTRY ELEMENTS (KOHA)
Source of classification or shelving scheme Dewey Decimal Classification
Holdings
Withdrawn status Lost status Source of classification or shelving scheme Damaged status Not for loan Home library Current library Date acquired Cost, normal purchase price Total checkouts Full call number Barcode Date last seen Cost, replacement price Price effective from Koha item type
    Dewey Decimal Classification     KCST Library KCST Library 15/11/2021 6.40   428.24 Mc En 1000000928 15/11/2021 6.40 15/11/2021 Book
    Dewey Decimal Classification     KCST Library KCST Library 15/11/2021 6.40   428.24 Mc En 1000000929 15/11/2021 6.40 15/11/2021 Book
    Dewey Decimal Classification     KCST Library KCST Library 15/11/2021 6.40   428.24 Mc En 1000000930 15/11/2021 6.40 15/11/2021 Book
© 2025 KCST. All rights reserved